000 00539nam a2200217Ia 4500
008 101110s9999 xx 000 0 und d
041 _aENGLISH
082 _bSR25713
100 _aAinapure Varsha and Ainapure Mukund
245 _aCost accounting (TYBCom)
260 _c2004
_bManan Prakashan, Mumbai
300 _a393
365 _b130
520 _aCommerce
546 _aENGLISH
630 _aCost accounting (TYBCom)
650 _aCommerce
655 _aCommerce
730 _aCost accounting (TYBCom)
942 _cBOOK
999 _c818322
_d818319